000 00436nam a2200157 i 4500
001 62783
003 ES-MaACL
005 20230906164728.0
007 t|
008 031126s1977 dr ||||1| spa d
100 1 _aFernández Mejía, Abel.
_949920
245 1 0 _aPiedra y tierra /
_cAbel Fernández Mejía.
260 _a[Santo Domingo :
_bCosmos,
_c1977]
300 _a120 p. :
_bil. ;
_c19 cm.
852 _aES-MaACL
_jL-2924
_bR.103499
999 _c62783
_d62783